000 00465nam a22001451 4500
082 0 0 _a519.5062
_bWIN
_cL-4, P-10
100 1 _aWine, R. Lowell
_939549
245 1 0 _aStatistics for scientists and engineers
_c[by] R. Lowell Wine.
260 _aEnglewood Cliffs, N.J.,
_bPrentice-Hall
_c[1964]
300 _axvi, 671 p.
_billus.
_c24 cm.
526 _a0
_b0
_c0
_d519_506200000000000_WIN
650 0 _aMathematical statistics.
_961
650 0 _aMCE
_9379
942 _2ddc
_cBK
999 _c544016
_d544016